| 000 | 00680nam a2200229 u 4500 | ||
|---|---|---|---|
| 005 | 20241012064025.0 | ||
| 008 | 090928s2005 ba r 000 0 spa d | ||
| 020 | _a9870005128 | ||
| 035 | _aUPN01000172655 | ||
| 049 | _aCG | ||
| 050 | 4 |
_aLB1029 G3 _bD3.4 |
|
| 100 | 1 | _aDavid, José | |
| 245 | 1 | 3 |
_aEl juego, uno de los caminos hacia la paz / _cJosé David, Miguel Blasco. |
| 260 |
_aBuenos Aires : _bLumen, _c2005. |
||
| 300 |
_a173 p. : _bil. |
||
| 650 | 4 |
_aJuegos educativos _93952 |
|
| 650 | 4 |
_aPaz _xEstudio y enseñanza _94940 |
|
| 650 | 4 |
_aTrabajo en grupos (Educación) _94098 |
|
| 700 | 1 |
_aBlasco, Miguel, _d1955- , _ecoaut. |
|
| 905 | _aLibro | ||
| 999 |
_c144759 _d144759 |
||